Regions of Scotch Whisky - Statistics

General Stats
  • This quiz has been taken 55 times
  • The average score is 4 of 5
Answer Stats
Region % Correct
Islay
92%
Speyside
81%
Highlands
77%
Lowlands
73%
Campbeltown
37%
No matching quizzes found
Score Distribution
Percent of People with Each Score
Percentile by Number Answered
Your Score History
You have not taken this quiz